| 000 | 01396cam a22003617a 4500 | ||
|---|---|---|---|
| 003 | CHAP | ||
| 005 | 20220817043941.0 | ||
| 008 | 040621d2003 mx r 00110 spa d | ||
| 010 | _a88543 | ||
| 011 | _a89515 | ||
| 035 | _a100066 | ||
| 040 | _cCHAP | ||
| 090 | _aTesis | ||
| 100 | 0 | 0 |
_aSánchez Coctecón, Julio. _9107428 |
| 245 | 1 | 0 |
_aAnálisis del marco legal en el TLCAN del comercio de carne de pollo (en fresco, refrigerada o congelada) de México _c/por Julio Sánchez Coctecón |
| 260 |
_aChapingo, Méx. : _bEl autor, _c2003. |
||
| 300 |
_a94 h. ; _bgráfs. |
||
| 502 | _aTesis (Lic en Comercio Internacional de Productos Agropecuarios) -- UACH División de Ciencias Económico Administrativas | ||
| 590 |
_aALEPH _b10 _c20130110 _lUCH01 _h1459 |
||
| 590 |
_aBATCH-UPD _b10 _c20130110 _lUCH01 _h0352 |
||
| 590 |
_aBATCH-UPD _b10 _c20130110 _lUCH01 _h2058 |
||
| 590 |
_aBATCH-UPD _b10 _c20130410 _lUCH01 _h0025 |
||
| 590 |
_aBATCH-UPD _b10 _c20130914 _lUCH01 _h0849 |
||
| 590 |
_aCONVERSION _b10 _c20130109 _lUCH01 _h1349 |
||
| 650 | 1 | 4 |
_aCarne de pollo _xAspectos económicos. _919158 |
| 650 | 1 | 4 |
_aCarne de pollo _xMercadeo. _919166 |
| 650 | 1 | 4 | _aTratado Trilateral de Libre Comercio. |
| 901 | _aBK | ||
| 905 | _aMayto Villalobos S. | ||
| 942 | _cFOLL | ||
| 949 |
_aTesis _bBC _cTES _d10066123 _eTS1 _h42187 _i100066 _sb |
||
| 949 |
_aTesis _bBC _cTES _d33724000926234 _eTS2 _fc.2 _h42186 _i100066 _sb |
||
| 999 |
_c88543 _d88543 |
||